00505 2200193 4500001002100000005001500021008004100036020001800077035001900095041000700114082000800121090001400129100001800143700002100161245008000182260002500262300001400287650001000301INLIS00000000000708820241224113417241224||||||||| | ||| |||| || |  a9786027145801 0010-1224007088 aid0 a823 a823 MIL b0 aMilford, Kate0 aKhairi Rumantati00aThe Boneshaker: Petualangan Seru natalie Membongkar Misteri Sebuah Karnaval aJakartabAtriac2014 a418 hlm.; 0afiksi